| 000 | 00988nas a2200325 4500 | ||
|---|---|---|---|
| 001 | BR0405410 | ||
| 003 | BR-BrBNA | ||
| 005 | 20231205104949.0 | ||
| 007 | ta | ||
| 008 | 230509b bl.|||p| |||| 00| 00por d | ||
| 040 |
_aBR-BrBNA _bpor _cBiblioteca Nacional de Agricultura |
||
| 041 | _a(En) | ||
| 072 | _aL01 | ||
| 100 | 1 | _aSousa, R.V. de | |
| 100 | 1 | _aFialho, E.T. | |
| 100 | 1 | _aLima, J.A. de F. | |
| 100 | 1 | _aLogato, P.V.R. | |
| 100 | 1 | _aFreitas, R.T.F. de | |
| 245 | 1 | _aPerformance and carcass traits of finishing pigs from 70 to 100 kg fed with rations supplemented with differents oils | |
| 650 | _aSUÍNO | ||
| 650 | _aCARCAÇA | ||
| 650 | _aLIPÍDIO | ||
| 650 | _aPERFORMANCE | ||
| 650 | _aRAÇÃO BALANCEADA | ||
| 650 | _aÓLEO | ||
| 650 | _aNUTRIÇÃO ANIMAL | ||
| 773 | 0 |
_tCiência e Agrotecnologia (Brazil) _xISSN 1413-7054 _g(Dec 2003), v. 27(Special number) p. 1679-1684 _wBR0405410 |
|
| 909 |
_a202311 _bLúcia _c55 _dLúcia Elande |
||
| 942 |
_2AGRIS _n0 _cANA |
||
| 999 |
_c180525 _d180525 |
||